[Event "Bayerische EM 2012 Allgemeine Klasse"]
[Site "Bayerisch Eisenstein"]
[Date "2012.08.19"]
[Round "2.10"]
[White "Beier, Klaus"]
[Black "Knechtel, Roland"]
[Result "0-1"]
[WhiteElo "2126"]
[BlackElo "2217"]
[PlyCount "116"]
[EventDate "2012.??.??"]
[WhiteTeam "SK Michelau"]
[BlackTeam "SV Röhrnbach e.V."]

1. d4 d5 2. Nf3 c6 3. Bf4 Bf5 4. e3 e6 5. Bd3 Bg4 6. O-O Nd7 7. h3 Bh5 8. c4
Ngf6 9. Nbd2 Be7 10. c5 a5 11. a3 b5 12. cxb6 Qxb6 13. b4 O-O 14. bxa5 Rxa5 15.
Qc2 Bxf3 16. Nxf3 c5 17. Rfb1 Qa7 18. dxc5 Qxc5 19. a4 Qxc2 20. Bxc2 Rc8 21.
Bd3 Nc5 22. Bb5 Nfe4 23. Nd4 Bf6 24. Nc6 Raa8 25. Be5 Bxe5 26. Nxe5 Nc3 27. Nc6
Kf8 28. Rc1 N5xa4 29. Nd4 Nxb5 30. Rxc8+ Rxc8 31. Rxa4 Nxd4 32. Rxd4 Rc2 33.
Kf1 Ke7 34. Ra4 Rc4 35. Ra2 h5 36. Ke2 h4 37. Rb2 Kf6 38. Ra2 Rb4 39. Rc2 g5
40. Ra2 Kf5 41. f3 Rb3 42. Ra5 Rb2+ 43. Kf1 Rd2 44. Rb5 f6 45. Ra5 e5 46. Rb5
e4 47. Kg1 Ke5 48. Rb8 Re2 49. Rb3 exf3 50. gxf3 f5 51. Rd3 f4 52. exf4+ gxf4
53. Rd1 d4 54. Kf1 Rh2 55. Re1+ Kf5 56. Re4 d3 57. Rd4 d2 58. Kg1 Re2 0-1

[Event "Bayerische EM 2012 Allgemeine Klasse"]
[Site "Bayerisch Eisenstein"]
[Date "2012.08.19"]
[Round "2.11"]
[White "Lochte, Thomas"]
[Black "Laubert, Johannes"]
[Result "1/2-1/2"]
[WhiteElo "2164"]
[BlackElo "2108"]
[PlyCount "92"]
[EventDate "2012.??.??"]
[WhiteTeam "SK Weilheim"]
[BlackTeam "SC Windischeschenbach"]

1. e4 e6 2. d4 d5 3. Nd2 Nc6 4. Ngf3 Nf6 5. e5 Nd7 6. c4 f6 7. cxd5 exd5 8. Bd3
fxe5 9. Nxe5 Ndxe5 10. dxe5 Nxe5 11. Qh5+ Nf7 12. O-O g6 13. Re1+ Be7 14. Qe2
Kf8 15. b3 Bf6 16. Ba3+ Kg7 17. Be7 Bxe7 18. Qxe7 Bd7 19. Qb4 Bc6 20. Re6 Re8
21. Rae1 Qd7 22. Qd4+ Kg8 23. Rxe8+ Rxe8 24. Rxe8+ Qxe8 25. Qxa7 Qe5 26. Nf1
Kg7 27. Qe3 d4 28. Qe2 Kf8 29. Nd2 Qxe2 30. Bxe2 Bd5 31. Bf3 Ke7 32. Kf1 d3 33.
Ke1 Nd6 34. Kd1 Ke6 35. Bxd5+ Kxd5 36. Kc1 b5 37. Kb2 b4 38. a4 bxa3+ 39. Kxa3
Kc5 40. Kb2 Nb5 41. Ne4+ Kd4 42. Ng5 h6 43. Ne6+ Ke5 44. Nc5 Kd4 45. Ne6+ Ke5
46. Nc5 Kd4 1/2-1/2

[Event "Bayerische EM 2012 Allgemeine Klasse"]
[Site "Bayerisch Eisenstein"]
[Date "2012.08.19"]
[Round "2.12"]
[White "Hornung, Hans"]
[Black "Shashkin, Igor"]
[Result "0-1"]
[WhiteElo "2138"]
[BlackElo "2105"]
[PlyCount "108"]
[EventDate "2012.??.??"]
[WhiteTeam "SK Klosterlechfeld"]
[BlackTeam "PTSV SK Hof 1892"]

1. Nf3 Nf6 2. c4 g6 3. g3 Bg7 4. Bg2 O-O 5. O-O d6 6. d4 Nc6 7. Nc3 e5 8. d5
Ne7 9. e4 Ne8 10. Bd2 f5 11. exf5 gxf5 12. Ng5 Nf6 13. b4 Bd7 14. c5 h6 15. Ne6
Bxe6 16. dxe6 d5 17. f4 e4 18. Be3 Qc8 19. Nb5 Nc6 20. Bh3 a6 21. Nd4 Nxd4 22.
e7 Rf7 23. Bxd4 Qe6 24. c6 b6 25. Qb3 Rxe7 26. Rfd1 Rd8 27. Rac1 Ne8 28. Bxg7
Rxg7 29. Rd4 Nf6 30. Bf1 Rd6 31. Qa4 h5 32. Qxa6 h4 33. Qa8+ Kh7 34. Ba6 Nh5
35. Qf8 Rg8 36. Bc8 Rxf8 37. Bxe6 Rxe6 38. Rxd5 Rf7 39. Kf2 Kg6 40. a4 hxg3+
41. hxg3 Nf6 42. Rd8 Rh7 43. Kg1 e3 44. b5 Re8 45. Rxe8 Nxe8 46. Kg2 Re7 47.
Kf3 Nd6 48. Ke2 Re4 49. Ra1 Nc4 50. Ra2 Kf6 51. Kd3 Nd2 52. Ke2 Nb3 53. Ke1 Nd4
54. a5 e2 0-1

[Event "Bayerische EM 2012 Allgemeine Klasse"]
[Site "Bayerisch Eisenstein"]
[Date "2012.08.19"]
[Round "2.13"]
[White "Bachhuber, Dominik"]
[Black "Krauß, Josef"]
[Result "0-1"]
[WhiteElo "1858"]
[BlackElo "2130"]
[PlyCount "54"]
[EventDate "2012.??.??"]
[WhiteTeam "Rainer SC"]
[BlackTeam "Schachklub Schweinfurt 2000 e.V."]

1. e4 d6 2. d4 Nf6 3. Nc3 g6 4. Bd3 Nc6 5. Nge2 Bg7 6. f3 Nd7 7. Be3 e5 8. d5
Nd4 9. Nb5 Nxb5 10. Bxb5 f5 11. h4 O-O 12. Bxd7 Bxd7 13. exf5 gxf5 14. Bg5 Qe8
15. Qd2 f4 16. g4 fxg3 17. Nxg3 e4 18. fxe4 Qe5 19. Qe3 Qxb2 20. Kd2 Bc3+ 21.
Qxc3 Rf2+ 22. Ne2 Rxe2+ 23. Kxe2 Qxc3 24. Rag1 Qc4+ 25. Kd2 h5 26. Be3+ Bg4 27.
Rf1 Qe2+ 0-1

[Event "Bayerische EM 2012 Allgemeine Klasse"]
[Site "Bayerisch Eisenstein"]
[Date "2012.08.19"]
[Round "2.14"]
[White "Kreuzer, Klaus"]
[Black "Stadler, Alex"]
[Result "1/2-1/2"]
[WhiteElo "2130"]
[BlackElo "2035"]
[PlyCount "83"]
[EventDate "2012.??.??"]
[WhiteTeam "SC Bayerwald/Regen"]
[BlackTeam "SV Deggendorf"]

1. d4 d5 2. Nf3 Nf6 3. c4 e6 4. g3 c6 5. Qc2 Bd6 6. Nbd2 Nbd7 7. Bg2 O-O 8. O-O
e5 9. dxe5 Nxe5 10. Nxe5 Bxe5 11. Nf3 Bc7 12. b3 dxc4 13. Qxc4 Qd5 14. Qh4 Qe4
15. Qxe4 Nxe4 16. Bb2 Rd8 17. Nd4 Nf6 18. Nf3 Bg4 19. Rfd1 Rxd1+ 20. Rxd1 Rd8
21. Rxd8+ Bxd8 22. Kf1 Nd5 23. Ne5 Be6 24. Nd3 Bc7 25. e4 Ne7 26. Ba3 Kf8 27.
f4 b6 28. Ke2 c5 29. Kd2 Ke8 30. Kc3 a5 31. Bc1 Bd7 32. Be3 Bc6 33. Ne1 Nc8 34.
e5 Bxg2 35. Nxg2 Kd7 36. Kc4 Kc6 37. a4 Ne7 38. Bd2 Nf5 39. Ne3 Nd4 40. Bc3 b5+
41. axb5+ Nxb5 42. Bb2 1/2-1/2

[Event "Bayerische EM 2012 Allgemeine Klasse"]
[Site "Bayerisch Eisenstein"]
[Date "2012.08.20"]
[Round "3.1"]
[White "Reich, Thomas"]
[Black "Pohl-Kuemmel, Jens-Uwe"]
[Result "1-0"]
[WhiteElo "2364"]
[BlackElo "2315"]
[PlyCount "85"]
[EventDate "2012.??.??"]
[WhiteTeam "FC Bayern München e.V."]
[BlackTeam "TSV Wacker Neutraubling"]

1. d4 Nf6 2. Bf4 g6 3. e3 Bg7 4. Nf3 d6 5. Be2 O-O 6. O-O b6 7. h3 Bb7 8. a4 a5
9. Na3 Nbd7 10. c3 h6 11. Bh2 Ne4 12. Nd2 Nxd2 13. Qxd2 e5 14. Rfd1 Kh7 15. Nc4
Qg5 16. Bf1 Qe7 17. Qc2 f5 18. dxe5 Nxe5 19. Nxe5 dxe5 20. Rd2 Rfd8 21. Rad1
Bc6 22. Bb5 Be4 23. Qc1 c6 24. Bc4 Qg5 25. Bg3 h5 26. h4 Qe7 27. f3 f4 28. exf4
Rxd2 29. Qxd2 Qc5+ 30. Qf2 Qxc4 31. fxe4 Qxe4 32. fxe5 c5 33. Rd7 Qxa4 34.
Rxg7+ Kxg7 35. Qf6+ Kh7 36. Qf7+ Kh8 37. e6 Qe4 38. Qf6+ Kh7 39. Be5 Rg8 40.
Qf7+ Kh6 41. Bf4+ g5 42. hxg5+ Rxg5 43. Qf6+ 1-0

[Event "Bayerische EM 2012 Allgemeine Klasse"]
[Site "Bayerisch Eisenstein"]
[Date "2012.08.20"]
[Round "3.2"]
[White "Heimrath, Reiner"]
[Black "Schmid, Roland"]
[Result "0-1"]
[WhiteElo "2206"]
[BlackElo "2249"]
[PlyCount "106"]
[EventDate "2012.??.??"]
[WhiteTeam "SC Noris-Tarrasch Nürnberg 1873"]
[BlackTeam "TSV Wacker Neutraubling"]

1. e4 e6 2. Qe2 c5 3. Nf3 Nc6 4. g3 g6 5. Bg2 Bg7 6. c3 Nge7 7. O-O O-O 8. Rd1
e5 9. Na3 d6 10. h3 Kh8 11. Nc2 f5 12. d3 Rb8 13. b4 Qe8 14. Bb2 h6 15. bxc5
dxc5 16. d4 fxe4 17. Qxe4 Bf5 18. Qe2 exd4 19. cxd4 Qf7 20. Ne5 Nxe5 21. dxe5
c4 22. Qd2 g5 23. Nd4 Bd3 24. e6 Qg6 25. Qb4 Ng8 26. e7 Rfe8 27. Re1 Qb6 28.
Nb5 c3 29. Bxc3 Bxb5 30. Bxg7+ Kxg7 31. Qb2+ Nf6 32. Qe5 Bc6 33. Rab1 Qa6 34.
Qf5 Bd7 35. Qe5 Qxa2 36. Rbd1 Bc6 37. h4 gxh4 38. Rd4 Bxg2 39. Rg4+ Kf7 40. Rf4
Qa6 41. Kxg2 Qc6+ 42. Kg1 hxg3 43. fxg3 Rbc8 44. Rf2 Qb6 45. Qf5 Rg8 46. Kh2
Qd6 47. Re3 Rce8 48. Ref3 Rg6 49. Rd3 Qe6 50. Qc5 Rxe7 51. Rd6 Qe5 52. Qc4+ Kg7
53. Rfxf6 Qxg3+ 0-1

[Event "Bayerische EM 2012 Allgemeine Klasse"]
[Site "Bayerisch Eisenstein"]
[Date "2012.08.20"]
[Round "3.3"]
[White "Bartsch, Berthold"]
[Black "Kolb, Wolfgang"]
[Result "0-1"]
[WhiteElo "2269"]
[BlackElo "2066"]
[PlyCount "88"]
[EventDate "2012.??.??"]
[WhiteTeam "SC Forchheim e.V."]
[BlackTeam "SK Königsbrunn"]

1. Nf3 d5 2. g3 Nf6 3. Bg2 c5 4. O-O Nc6 5. d3 e6 6. Nbd2 Be7 7. c3 O-O 8. Qc2
b6 9. a3 Bb7 10. b3 Qc7 11. Bb2 Rfd8 12. Rad1 Rac8 13. Rfe1 Nd7 14. e4 dxe4 15.
dxe4 Nde5 16. Nxe5 Nxe5 17. Nf1 c4 18. Rxd8+ Rxd8 19. b4 Nd3 20. Re2 b5 21. Bc1
Nxc1 22. Qxc1 Rd3 23. f4 Qd7 24. Rd2 Bd8 25. Kf2 Bb6+ 26. Ke1 g6 27. Rxd3 Qxd3
28. Qd2 f5 29. Qxd3 cxd3 30. Nd2 Be3 31. Bh3 fxe4 32. Bxe6+ Kf8 33. c4 Bd4 34.
Nb3 Bc3+ 35. Kf2 Ke7 36. Bg8 bxc4 37. Bxc4 Kd6 38. Ke3 Bd5 39. Bxd5 Kxd5 40. g4
Bb2 41. a4 Bc3 42. b5 Kc4 43. Nd2+ Bxd2+ 44. Kxd2 e3+ 0-1

[Event "Bayerische EM 2012 Allgemeine Klasse"]
[Site "Bayerisch Eisenstein"]
[Date "2012.08.20"]
[Round "3.4"]
[White "Schatz, Christian"]
[Black "Jussupow, Alexander"]
[Result "0-1"]
[WhiteElo "2222"]
[BlackElo "2170"]
[PlyCount "79"]
[EventDate "2012.??.??"]
[WhiteTeam "Schachzentrum Fürth 2002"]
[BlackTeam "SK Krumbach"]

1. Nf3 d5 2. d4 Nf6 3. e3 e6 4. Bd3 Bd6 5. Nbd2 Nbd7 6. c4 b6 7. e4 dxe4 8.
Nxe4 Bb4+ 9. Bd2 Bxd2+ 10. Nfxd2 Bb7 11. Qf3 Nxe4 12. Bxe4 Bxe4 13. Nxe4 O-O
14. O-O Qh4 15. g3 Qh6 16. Qe3 Qh3 17. Rfe1 Rae8 18. Ng5 Qh5 19. f4 h6 20. Nf3
f6 21. Rad1 Re7 22. Kg2 Rfe8 23. Qe4 e5 24. dxe5 fxe5 25. Qd5+ Kh8 26. fxe5
Nxe5 27. Nxe5 Rxe5 28. Rxe5 Rxe5 29. Qa8+ Kh7 30. Rd2 Re2+ 31. Rxe2 Qxe2+ 32.
Kh3 Qxc4 33. Qxa7 Qf1+ 34. Kg4 h5+ 35. Kg5 Qf6+ 36. Kxh5 Qf5+ 37. Kh4 g5+ 38.
Kh5 g4+ 39. Kh4 Kh6 40. Qxb6+ 0-1

[Event "Bayerische EM 2012 Allgemeine Klasse"]
[Site "Bayerisch Eisenstein"]
[Date "2012.08.20"]
[Round "3.5"]
[White "Jussupow, Nadia"]
[Black "Schelle, Artur"]
[Result "1-0"]
[WhiteElo "2115"]
[BlackElo "2215"]
[PlyCount "75"]
[EventDate "2012.??.??"]
[WhiteTeam "SK Krumbach"]
[BlackTeam "SC Tarrasch 45 München"]

1. d4 f5 2. Bg5 c6 3. Nc3 Qa5 4. h4 d6 5. Nf3 Nd7 6. Qd3 Ndf6 7. Bd2 Qc7 8.
O-O-O b5 9. Ng5 h6 10. Nh3 e5 11. f3 b4 12. Nb1 a5 13. e4 f4 14. dxe5 dxe5 15.
g3 fxg3 16. f4 g2 17. Bxg2 Ba6 18. Qg3 Bd6 19. fxe5 Bxe5 20. Bf4 Bxf4+ 21. Nxf4
Ne7 22. e5 Nfd5 23. Ne6 Qb6 24. Nxg7+ Kd8 25. e6 Kc8 26. Bxd5 cxd5 27. Qe5 Qc7
28. Rde1 Qxe5 29. Rxe5 Rf8 30. Nd2 a4 31. c4 bxc3 32. bxc3 Bd3 33. Kb2 Kc7 34.
c4 d4 35. Ne4 a3+ 36. Kc1 Nc6 37. e7 Rfe8 38. Nxe8+ 1-0

[Event "Bayerische EM 2012 Allgemeine Klasse"]
[Site "Bayerisch Eisenstein"]
[Date "2012.08.20"]
[Round "3.6"]
[White "Knechtel, Roland"]
[Black "Lentrodt, Thomas"]
[Result "1/2-1/2"]
[WhiteElo "2217"]
[BlackElo "2328"]
[PlyCount "111"]
[EventDate "2012.??.??"]
[WhiteTeam "SV Röhrnbach e.V."]
[BlackTeam "FC Bayern München e.V."]

1. d4 d5 2. c4 e6 3. Nc3 Nf6 4. Bg5 c6 5. e3 Nbd7 6. cxd5 exd5 7. Qc2 Be7 8.
Bd3 O-O 9. Nf3 Re8 10. O-O h6 11. Bf4 Nf8 12. h3 Bd6 13. Bxd6 Qxd6 14. Rab1 Be6
15. b4 Rac8 16. Rfc1 N8d7 17. b5 c5 18. dxc5 Rxc5 19. Qb2 Ne5 20. Nxe5 Qxe5 21.
Na4 Qxb2 22. Nxb2 Rec8 23. Rxc5 Rxc5 24. Na4 Rc8 25. b6 axb6 26. Rxb6 Bd7 27.
Rb4 Rc1+ 28. Kh2 Bc6 29. Nb2 g6 30. a4 Ra1 31. Bc2 Rc1 32. Bb3 Ne4 33. Nd3 Rc3
34. Nf4 Rc5 35. f3 Nd2 36. Kg3 g5 37. Ne2 Kf8 38. Bd1 Nc4 39. Kf2 Nd6 40. Bb3
Ke7 41. Ke1 Nf5 42. Kf2 Ra5 43. Bc2 Ng7 44. Nd4 Ra7 45. Ke2 Kd6 46. Kd2 Ne6 47.
Nf5+ Kc5 48. Kc3 h5 49. h4 f6 50. g4 hxg4 51. Rxg4 gxh4 52. Rxh4 Ra8 53. Rh6
Bxa4 54. Bxa4 Rxa4 55. Rxf6 Nc7 56. Nd4 1/2-1/2

[Event "Bayerische EM 2012 Allgemeine Klasse"]
[Site "Bayerisch Eisenstein"]
[Date "2012.08.20"]
[Round "3.7"]
[White "Shashkin, Igor"]
[Black "Kunz, Konstantin"]
[Result "1/2-1/2"]
[WhiteElo "2105"]
[BlackElo "2303"]
[PlyCount "120"]
[EventDate "2012.??.??"]
[WhiteTeam "PTSV SK Hof 1892"]
[BlackTeam "SC Kitzingen von 1905"]

1. e4 c5 2. Nf3 e6 3. c3 Nf6 4. e5 Nd5 5. Bc4 d6 6. d4 cxd4 7. cxd4 Nb6 8. Bb3
Nc6 9. O-O Be7 10. Nc3 d5 11. Re1 Bd7 12. Bc2 Rc8 13. a3 Na5 14. Qd3 Qc7 15.
Ng5 Nac4 16. Qg3 h6 17. Nh7 g6 18. Bxg6 Rg8 19. Bxf7+ Kxf7 20. Qf4+ Ke8 21.
Qxh6 Kd8 22. Bg5 Bxg5 23. Nxg5 Qc6 24. Rac1 Rc7 25. b3 Nxa3 26. Nf7+ Kc8 27.
Nd6+ Kb8 28. Na4 Nc2 29. Qh7 Rf8 30. Nxb6 axb6 31. Re2 Nxd4 32. Rxc6 Nxe2+ 33.
Kf1 Bxc6 34. Qh6 Rg8 35. Qxe6 Rcg7 36. Kxe2 Rxg2 37. Ke3 d4+ 38. Kxd4 Rh8 39.
Nc4 Rh4+ 40. Kc3 Rxf2 41. Qd6+ Ka7 42. Qa3+ Kb8 43. Qd6+ Ka7 44. Qd8 Rf3+ 45.
Kb4 Rhh3 46. Qxb6+ Ka8 47. Qd8+ Ka7 48. Qa5+ Kb8 49. Qd8+ Ka7 50. Qb6+ Ka8 51.
Na5 Rf4+ 52. Kc5 Rc3+ 53. Kd6 Rd3+ 54. Ke7 Bd5 55. Nc4 Rf7+ 56. Ke8 Rh7 57.
Qa5+ Kb8 58. Qd8+ Ka7 59. Qa5+ Kb8 60. Qd8+ Ka7 1/2-1/2

[Event "Bayerische EM 2012 Allgemeine Klasse"]
[Site "Bayerisch Eisenstein"]
[Date "2012.08.20"]
[Round "3.8"]
[White "Krauß, Josef"]
[Black "Zill, Christoph"]
[Result "1/2-1/2"]
[WhiteElo "2130"]
[BlackElo "2219"]
[PlyCount "57"]
[EventDate "2012.??.??"]
[WhiteTeam "Schachklub Schweinfurt 2000 e.V."]
[BlackTeam "SK Freising"]

1. e4 e6 2. d4 d5 3. exd5 exd5 4. c4 Bb4+ 5. Nc3 Qe7+ 6. Be2 Bg4 7. Be3 Bxe2 8.
Qxe2 Nf6 9. Nf3 O-O 10. O-O Nbd7 11. a3 Bxc3 12. bxc3 dxc4 13. Qxc4 Nb6 14. Qb3
Rfe8 15. c4 Qe6 16. d5 Qg4 17. Bd4 Rab8 18. Rfe1 Re4 19. h3 Qf5 20. Rxe4 Nxe4
21. Re1 c5 22. Be5 Re8 23. Bc7 Qf6 24. Qb5 Kf8 25. Kh2 Re7 26. Rxe4 Rxe4 27.
Qxc5+ Ke8 28. Qb5+ Kf8 29. Qc5+ 1/2-1/2

[Event "Bayerische EM 2012 Allgemeine Klasse"]
[Site "Bayerisch Eisenstein"]
[Date "2012.08.20"]
[Round "3.9"]
[White "Kapfer, Ulrich"]
[Black "Kuhn, Tobias"]
[Result "1/2-1/2"]
[WhiteElo "1737"]
[BlackElo "2218"]
[PlyCount "61"]
[EventDate "2012.??.??"]
[WhiteTeam "SC Dillingen"]
[BlackTeam "SK 1982 Klingenberg/Main"]

1. d4 Nf6 2. Nf3 g6 3. g3 Bg7 4. Bg2 O-O 5. O-O d6 6. c4 Nc6 7. b3 Rb8 8. Bb2
e5 9. dxe5 Ng4 10. Qc2 Ngxe5 11. Nbd2 Re8 12. Rfe1 Qe7 13. Nxe5 dxe5 14. Qc3
Nd4 15. e3 Nf5 16. Ne4 Bd7 17. Rad1 Bc6 18. Rd2 Rbd8 19. Red1 Rxd2 20. Qxd2 h6
21. Bc3 Bf8 22. h3 Qe6 23. Kh2 b6 24. Qe2 Ne7 25. g4 f5 26. gxf5 gxf5 27. Ng3
Bxg2 28. Kxg2 Bg7 29. Kh2 Kh7 30. Nh5 Bh8 31. Rg1 1/2-1/2

[Event "Bayerische EM 2012 Allgemeine Klasse"]
[Site "Bayerisch Eisenstein"]
[Date "2012.08.20"]
[Round "3.10"]
[White "Walter, Florian"]
[Black "Lederle, Vitus"]
[Result "1-0"]
[WhiteElo "2128"]
[BlackElo "2220"]
[PlyCount "77"]
[EventDate "2012.??.??"]
[WhiteTeam "SV Lauf a.d.P."]
[BlackTeam "SC Dillingen"]

1. c4 e5 2. Nc3 Nf6 3. g3 c6 4. Bg2 d5 5. cxd5 cxd5 6. Qb3 Nc6 7. d3 Bb4 8. a3
Ba5 9. Bd2 O-O 10. Nf3 e4 11. dxe4 dxe4 12. Ng5 Bg4 13. O-O-O Nd4 14. Qa4 b5
15. Nxb5 Nxe2+ 16. Kb1 Qd3+ 17. Ka1 Bxd2 18. Nxe4 Nxe4 19. Bxe4 Qd7 20. Bxa8
Rxa8 21. Rxd2 Qxd2 22. Qxg4 a6 23. Nd6 Rb8 24. Nc4 Qd5 25. Re1 Nd4 26. Rd1 Rd8
27. Ne3 Qc5 28. Nf5 g6 29. Nxd4 h5 30. Qe4 Qc4 31. Kb1 Qa4 32. Rd2 Re8 33. Qc6
Re1+ 34. Ka2 Qa5 35. Qc8+ Kh7 36. Nb3 Qe5 37. Qd7 Qf6 38. Qd6 Qf5 39. Qd3 1-0

[Event "Bayerische EM 2012 Allgemeine Klasse"]
[Site "Bayerisch Eisenstein"]
[Date "2012.08.20"]
[Round "3.11"]
[White "Stadler, Alex"]
[Black "Lochte, Thomas"]
[Result "0-1"]
[WhiteElo "2035"]
[BlackElo "2164"]
[PlyCount "48"]
[EventDate "2012.??.??"]
[WhiteTeam "SV Deggendorf"]
[BlackTeam "SK Weilheim"]

1. Nf3 Nf6 2. c4 g6 3. Nc3 c5 4. g3 Nc6 5. d4 cxd4 6. Nxd4 Qb6 7. Nc2 Ne5 8. b3
Bg7 9. Be3 Qc6 10. f3 Neg4 11. Bd2 h5 12. Bg2 h4 13. Nd4 Qc5 14. fxg4 Qxd4 15.
Nb5 Qb6 16. Bf4 Nxg4 17. Nc7+ Kf8 18. e3 Nxe3 19. Nxa8 Nxg2+ 20. Kf1 Qc6 21.
Kf2 Nxf4 22. gxf4 Qe4 23. Qf3 Bd4+ 24. Kg2 Qc2+ 0-1

[Event "Bayerische EM 2012 Allgemeine Klasse"]
[Site "Bayerisch Eisenstein"]
[Date "2012.08.20"]
[Round "3.12"]
[White "Ciaffone, Daniel"]
[Black "Kreuzer, Klaus"]
[Result "1/2-1/2"]
[WhiteElo "2145"]
[BlackElo "2130"]
[PlyCount "49"]
[EventDate "2012.??.??"]
[WhiteTeam "FC Bayern München e.V."]
[BlackTeam "SC Bayerwald/Regen"]

1. e4 d6 2. d4 Nf6 3. Nc3 g6 4. f4 Bg7 5. Nf3 O-O 6. e5 dxe5 7. dxe5 Qxd1+ 8.
Nxd1 Nd5 9. c4 Nb6 10. b3 f6 11. Ne3 fxe5 12. fxe5 Nc6 13. Bb2 Nd7 14. Nd5
Ndxe5 15. Nxe5 Nxe5 16. Nxc7 Nf3+ 17. gxf3 Bxb2 18. Rd1 Rb8 19. Nd5 e5 20. Ne7+
Kh8 21. Nxc8 Bc3+ 22. Ke2 Rfxc8 23. Bh3 Rd8 24. Rd5 Bd4 25. Rd1 1/2-1/2

[Event "Bayerische EM 2012 Allgemeine Klasse"]
[Site "Bayerisch Eisenstein"]
[Date "2012.08.20"]
[Round "3.13"]
[White "Laubert, Johannes"]
[Black "Hornung, Hans"]
[Result "1-0"]
[WhiteElo "2108"]
[BlackElo "2138"]
[PlyCount "75"]
[EventDate "2012.??.??"]
[WhiteTeam "SC Windischeschenbach"]
[BlackTeam "SK Klosterlechfeld"]

1. e4 c6 2. Nc3 g6 3. d4 d6 4. Nf3 Bg7 5. Be2 b5 6. O-O Nd7 7. Re1 Qc7 8. Bf1
a6 9. a4 b4 10. Nb1 c5 11. c3 Rb8 12. Nbd2 Nh6 13. Nc4 O-O 14. Bf4 f6 15. e5
fxe5 16. Bxh6 Bxh6 17. dxe5 Bb7 18. exd6 exd6 19. Nxd6 Ba8 20. Re7 bxc3 21.
bxc3 Bc6 22. Ne5 Rf6 23. Ndf7 Bf8 24. Rxd7 Bxd7 25. Nxd7 Kxf7 26. Qd5+ Kg7 27.
Nxf6 Kxf6 28. Bxa6 Bd6 29. g3 Be5 30. Bc4 Kg7 31. Rc1 Rf8 32. a5 Bf6 33. a6 Qa5
34. Qb7+ Kh6 35. a7 Bxc3 36. Bd5 Bd4 37. a8=Q Bxf2+ 38. Kh1 1-0

[Event "Bayerische EM 2012 Allgemeine Klasse"]
[Site "Bayerisch Eisenstein"]
[Date "2012.08.20"]
[Round "3.14"]
[White "Bachhuber, Dominik"]
[Black "Beier, Klaus"]
[Result "1-0"]
[WhiteElo "1858"]
[BlackElo "2126"]
[PlyCount "75"]
[EventDate "2012.??.??"]
[WhiteTeam "Rainer SC"]
[BlackTeam "SK Michelau"]

1. e4 e5 2. Nf3 d6 3. d4 Qe7 4. c3 g6 5. Bb5+ c6 6. Ba4 Bg7 7. O-O Nf6 8. Bg5
O-O 9. Re1 Nbd7 10. Qc1 Nb6 11. Bd1 Bg4 12. h3 Bd7 13. Bb3 Rad8 14. c4 Bc8 15.
Nc3 Nbd7 16. d5 Nc5 17. Bc2 Rfe8 18. b4 Na6 19. Rb1 Qf8 20. Be3 cxd5 21. exd5
b6 22. Nb5 Qe7 23. Bg5 Nb8 24. Qe3 a6 25. Nc3 Qc7 26. Nd2 Bb7 27. Nde4 Nbd7 28.
Ba4 Nxe4 29. Nxe4 f6 30. Bxd7 Rxd7 31. Bxf6 Qxc4 32. Bxg7 Kxg7 33. Qxb6 Rf8 34.
Nxd6 Qxd5 35. Nxb7 Rxb7 36. Rxe5 Qf7 37. Qd4 Rd7 38. Rd5+ 1-0

[Event "Bayerische EM 2012 Allgemeine Klasse"]
[Site "Bayerisch Eisenstein"]
[Date "2012.08.21"]
[Round "4.1"]
[White "Jussupow, Alexander"]
[Black "Reich, Thomas"]
[Result "0-1"]
[WhiteElo "2170"]
[BlackElo "2364"]
[PlyCount "48"]
[EventDate "2012.??.??"]
[WhiteTeam "SK Krumbach"]
[BlackTeam "FC Bayern München e.V."]

1. d4 Nf6 2. Bg5 g6 3. Bxf6 exf6 4. g3 f5 5. Bg2 Bg7 6. Nf3 O-O 7. c4 c5 8. Nc3
d6 9. O-O Nc6 10. e3 f4 11. exf4 Bg4 12. dxc5 dxc5 13. Qxd8 Raxd8 14. Ng5 Rd2
15. Bd5 Ne7 16. h3 Nxd5 17. Nxd5 Be2 18. Ne4 Rxb2 19. Rfc1 Bd4 20. Rab1 Rxb1
21. Rxb1 Bd3 22. Re1 Bc3 23. Ndf6+ Kg7 24. Nd7 Re8 0-1

[Event "Bayerische EM 2012 Allgemeine Klasse"]
[Site "Bayerisch Eisenstein"]
[Date "2012.08.21"]
[Round "4.2"]
[White "Schmid, Roland"]
[Black "Jussupow, Nadia"]
[Result "1-0"]
[WhiteElo "2249"]
[BlackElo "2115"]
[PlyCount "73"]
[EventDate "2012.??.??"]
[WhiteTeam "TSV Wacker Neutraubling"]
[BlackTeam "SK Krumbach"]

1. Nf3 Nf6 2. c4 g6 3. g3 Bg7 4. Bg2 c6 5. d4 d5 6. b3 O-O 7. O-O Ne4 8. Bb2
Qb6 9. Nbd2 Rd8 10. cxd5 cxd5 11. Ne5 Nc6 12. Ndf3 Bf5 13. Nxc6 Qxc6 14. Ne5
Qe6 15. g4 Bxg4 16. Nxg4 Qxg4 17. f3 Qg5 18. fxe4 dxe4 19. Qc1 Qd5 20. Qf4
Bxd4+ 21. Bxd4 Qxd4+ 22. e3 Qg7 23. Qxe4 Rd7 24. Rad1 Rad8 25. Rxd7 Rxd7 26.
Qa4 Rd2 27. Qxa7 Qe5 28. Qxb7 Qxe3+ 29. Kh1 Rxa2 30. Qd5 Rf2 31. Qa8+ Kg7 32.
Qa1+ f6 33. Rxf2 Qxf2 34. b4 Qe2 35. Qb1 Qb5 36. Qe4 f5 37. Qxe7+ 1-0

[Event "Bayerische EM 2012 Allgemeine Klasse"]
[Site "Bayerisch Eisenstein"]
[Date "2012.08.21"]
[Round "4.3"]
[White "Kolb, Wolfgang"]
[Black "Heimrath, Reiner"]
[Result "1/2-1/2"]
[WhiteElo "2066"]
[BlackElo "2206"]
[PlyCount "113"]
[EventDate "2012.??.??"]
[WhiteTeam "SK Königsbrunn"]
[BlackTeam "SC Noris-Tarrasch Nürnberg 1873"]

1. c4 g6 2. Nc3 Bg7 3. g3 h5 4. Nf3 b6 5. Bg2 Bb7 6. O-O e5 7. d3 Ne7 8. e4 d6
9. Nd5 c6 10. Nxe7 Qxe7 11. Be3 c5 12. a3 Nc6 13. Qa4 O-O 14. b4 Nd8 15. Ra2
Bc8 16. Qc2 Bg4 17. Qd2 Rc8 18. b5 Qd7 19. a4 Nb7 20. Nh4 Bh3 21. Qe2 Ra8 22.
Rb1 Bxg2 23. Kxg2 Bf6 24. Nf3 Bd8 25. Nd2 a6 26. Rba1 Na5 27. Ra3 Bc7 28. Bh6
Rfc8 29. Nb1 f6 30. Nc3 Qh7 31. Bd2 Rf8 32. Nd5 Nb7 33. R3a2 a5 34. Rf1 Rf7 35.
f4 Raf8 36. Raa1 Bd8 37. h4 exf4 38. Bxf4 g5 39. hxg5 fxg5 40. Bd2 h4 41. Rxf7
Rxf7 42. Rf1 hxg3 43. Kxg3 g4 44. Rxf7 Qh3+ 45. Kf4 Kxf7 46. Be3 Qh6+ 47. Kxg4
Qh4+ 48. Kf3 Qh3+ 49. Kf4 Bf6 50. Nxf6 Kxf6 51. Qg4 Qf1+ 52. Qf3 Qxd3 53. Kg4+
Kg6 54. Qf5+ Kg7 55. Qd7+ Kf6 56. Qf5+ Kg7 57. Qd7+ 1/2-1/2

[Event "Bayerische EM 2012 Allgemeine Klasse"]
[Site "Bayerisch Eisenstein"]
[Date "2012.08.21"]
[Round "4.4"]
[White "Pohl-Kuemmel, Jens-Uwe"]
[Black "Bartsch, Berthold"]
[Result "1/2-1/2"]
[WhiteElo "2315"]
[BlackElo "2269"]
[PlyCount "55"]
[EventDate "2012.??.??"]
[WhiteTeam "TSV Wacker Neutraubling"]
[BlackTeam "SC Forchheim e.V."]

1. Nf3 Nf6 2. c4 c6 3. g3 d5 4. Qc2 dxc4 5. Qxc4 Be6 6. Qc2 g6 7. Nc3 Bg7 8.
Bg2 Na6 9. O-O O-O 10. d4 Nb4 11. Qd1 Nbd5 12. Na4 Bc8 13. h3 Nb6 14. Nc5 Re8
15. e4 Nbd7 16. Nxd7 Nxd7 17. Be3 e5 18. d5 cxd5 19. Qxd5 Nb6 20. Qxd8 Rxd8 21.
Rac1 Be6 22. b3 Rac8 23. Ng5 Bd7 24. Rfd1 Bc6 25. h4 Bf6 26. f3 Rxd1+ 27. Rxd1
Re8 28. Rc1 1/2-1/2

[Event "Bayerische EM 2012 Allgemeine Klasse"]
[Site "Bayerisch Eisenstein"]
[Date "2012.08.21"]
[Round "4.5"]
[White "Lentrodt, Thomas"]
[Black "Krauß, Josef"]
[Result "1-0"]
[WhiteElo "2328"]
[BlackElo "2130"]
[PlyCount "81"]
[EventDate "2012.??.??"]
[WhiteTeam "FC Bayern München e.V."]
[BlackTeam "Schachklub Schweinfurt 2000 e.V."]

1. d4 d5 2. c4 c6 3. Nf3 Nf6 4. Nc3 a6 5. c5 Nbd7 6. Bg5 h6 7. Bh4 g5 8. Bg3
Ne4 9. Nxe4 dxe4 10. Nd2 e3 11. fxe3 Bg7 12. Nc4 b5 13. cxb6 Nxb6 14. Qb3 Nxc4
15. Qxc4 Qd5 16. Rc1 Qxc4 17. Rxc4 Be6 18. Ra4 c5 19. Be5 Bxe5 20. dxe5 O-O 21.
b3 c4 22. bxc4 Rfc8 23. g3 Bd7 24. Ra5 Rxc4 25. Bg2 Ra7 26. Kf2 Bb5 27. Bd5 Rc2
28. Re1 e6 29. a4 Bxa4 30. Be4 Ra2 31. Bb1 Ra1 32. Bh7+ Kxh7 33. Rxa1 Bc2 34.
Rxa6 Rxa6 35. Rxa6 Kg7 36. Kf3 Bb3 37. e4 Bc4 38. Rb6 Ba2 39. Rb4 Kg6 40. Ke3
h5 41. Kd4 1-0